Maestros y textos: una economía política de la relaciones de clase y de sexo en educación

Enregistré dans:
Détails bibliographiques
Auteur principal: Apple, Michael W (Auteur)
Format: Livre
Langue:espagnol
Publié: Barcelona Paidós 1989
Édition:1a. ed
Collection:Temas de Educación, 17
Sujets:
Tags: Ajouter un tag
Pas de tags, Soyez le premier à ajouter un tag!

MARC

LEADER 00000nam a2200000 a 4500
001 UCW7510
003 CL-VaPUC
008 930402e19890000SP |||||||||||||||||spa|d
020 |a 8475095674 
082 0 4 |a 371.146  |b APP  |2 21 
100 0 |a Apple, Michael W  |e author  |9 312660 
245 1 0 |a Maestros y textos: una economía política de la relaciones de clase y de sexo en educación 
250 |a 1a. ed 
300 |a 218 p 
942 |c BK 
945 |d 19930402 00:00:00 
260 |a Barcelona  |b Paidós  |c 1989 
650 0 |a Formación profesional de profesores  |9 307493 
650 0 |a Métodos de enseñanza  |9 270413 
583 |a last modification  |c 20170905 12:50:08  |k Rodrigo Vera 
490 0 |a Temas de Educación, 17 
999 |c 220237  |d 220235 
952 |0 0  |1 0  |4 0  |6 371_146000000000000_APP_1989  |7 0  |8 A  |9 212183  |a FDOPOS  |b FDOPOS  |d 2019-11-15  |i 2804409  |o 371.146 APP 1989  |p 2804409  |r 2025-01-22  |w 2019-11-15  |y BK  |k MLA 
952 |0 0  |1 0  |4 0  |6 371_146000000000000_APP_1989  |7 0  |8 A  |9 212184  |a BIBEDU  |b BIBEDU  |d 2019-11-15  |i 4594991  |o 371.146 APP 1989  |p 4594991  |r 2019-11-15  |w 2019-11-15  |y BK  |k BME